| 000 | 01125cad a22002055a 4500 | ||
|---|---|---|---|
| 001 | L150429 | ||
| 008 | 100713e2010 xxk 000 0 eng d | ||
| 035 | _a(Sirsi) u150429 | ||
| 041 | 0 | _aeng | |
| 100 | 1 | _aHatcher, David | |
| 245 | 0 | 0 |
_aMarkets _btrade counters |
| 260 | _c2010 | ||
| 490 | 0 |
_aProperty Week _v76(27) 9 July 2010, 59-66(4) |
|
| 520 | _aTravis Perkins Group's prospective takeover of BSS Group approved by markets and analysts. Toolstation set to expand from 66 to 106 outlets by the end of 2010. Kent-based developer Terence Butler Holdings moves into trade counter units for the first time. Chancerygate is masterplanning two trade counter sites in Stockport and Sefton. Richard Hardy of Carter Jonas suggests that tenants have the upper hand in the UK trade counter sector. Four tile retailers seek to dominate tile trade counter market. CB Richard Ellis Investors, owners of 8m sq ft of UK trade counters, aims to boost its portfolio. | ||
| 590 | _aKA | ||
| 651 | 4 |
_aUnited Kingdom _y |
|
| 690 | _aPROPERTY-COMMERCIAL PROPERTY-COMMERCIAL PROPERTY MARKET | ||
| 700 | 1 | _aHardy, Richard | |
| 942 | _n0 | ||
| 999 |
_c82505 _d82505 |
||